00605nam a2200193Ia 4500003000400000005001700004008004100021040000700062041000800069082001600077100002600093245005200119260004500171300000900216650002300225942001300248999001900261952013100280OSt20251014114401.0250729s2005 xx 000 0 und d cAL aeng a371.26 WALT aWalton John A9222958 aTesting techniques in colleges and universities aNew DelhibCommonwealth Publishersc2005 a301p aTechnology9222959 2ddccBED c235685d235685 00104070aALbALd2025-07-29eSita Book Houseg155.00l0o371.26 WALTpBED01004r2025-07-29 16:54:12v155.00w2025-07-29yBK